Statistiques concernant Présidents d’Amérique Latine

Cliquez ici pour prendre le quiz!

Statistiques générales

  • Ce quiz a été pris 340 fois
  • Le résultat moyen est 6 sur 19

Statistiques - réponses

HintRéponse% Correct
BrésilJair Bolsonaro
69%
VenezuelaNicolás Maduro/Juan Guaidó
56%
ChiliGabriel Boric
51%
ArgentineAlberto Fernández
50%
MexiqueAndrés Manuel López Obrador
47%
NicaraguaDaniel Ortega
43%
El SalvadorNayib Bukele
42%
BolivieLuis Arce
37%
PérouPedro Castillo
33%
CubaMiguel Díaz-Canel
31%
EquateurGuillermo Lasso
25%
UruguayLuis Alberto Lacalle Pou
22%
GuatemalaAlejandro Giammattei
20%
PanamaLaurentino Cortizo
15%
ColombieIván Duque
13%
ParaguayMario Abdo Benítez
9%
Costa RiceCarlos Alvarado
8%
HondurasJuan Orlando Hernández
8%
République DominicaineDanilo Medina
3%

Distribution des résultats

Percentile par nombre de réponses

% des personnes avec chaque résultat

Votre développement - résultats

Vous n’avez pas pris ce quiz